La individuación: a la luz de las nociones de forma y de información

Uloženo v:
Podrobná bibliografie
Hlavní autor: Simondon, Gilbert (Autor)
Médium: Kniha
Jazyk:španělština
Vydáno: Buenos Aires Cactus 2014
Vydání:2a. ed
Témata:
Tagy: Přidat tag
Žádné tagy, Buďte první, kdo vytvoří štítek k tomuto záznamu!

MARC

LEADER 00000cam a2200000 a 4500
001 UCC7501
003 CL-VaPUC
008 190409e20140000ag |||||||||||||||||spa|d
020 |a 9789873831010 
082 0 4 |a 190  |b SIM  |2 21 
100 0 |a Simondon, Gilbert  |e author  |9 602137 
245 1 3 |a La individuación: a la luz de las nociones de forma y de información 
250 |a 2a. ed 
300 |a 511 p 
942 |c BK 
945 |d 20190409 14:28:00  |a dcastane 
260 |a Buenos Aires  |b Cactus  |c 2014 
650 0 |a Filosofía contemporánea  |9 265372 
583 |a last modification  |c 20190409 14:28:00  |k Rodrigo Vera 
999 |c 374123  |d 374121 
952 |0 0  |1 0  |3 erb  |4 0  |6 190_000000000000000_SIM_2014  |7 0  |8 A  |9 492542  |a FDOPOS  |b BIBEDU  |i 5541654  |l 4  |m 2  |o 190 SIM 2014  |p 5541654  |r 2025-01-22  |s 2023-09-28  |w 2019-11-24  |y BK  |z Catalogado en:20190409  |k DLH